10 Words 20 Definitions XII Quiz Stats

 Plays Quiz Updated Nov 2, 2017

Challenge
Share
Tweet
Embed
Score 0/20 Timer 02:00
26 Plays Today
% Correct
Venus
96.2%
Water
95.5%
Paradise
95%
Pitcher
94.9%
Hoop
94.9%
Paradise
94.8%
Water
94.7%
Chicken
94.7%
Venus
94.6%
Shoot
94.4%
% Correct
Normal
93.9%
Bat
93.6%
Pitcher
93.2%
Bat
93.1%
Chicken
92.8%
Hoop
92.5%
Trick
91.2%
Trick
89.2%
Shoot
88.8%
Normal
69.8%

You're not logged in!

Compare scores with friends on all Sporcle quizzes.
Join for Free
OR
Log In

You Might Also Like...

Show Comments

Extras

Top Quizzes Today


Score Distribution

Your Account Isn't Verified!

In order to create a playlist on Sporcle, you need to verify the email address you used during registration. Go to your Sporcle Settings to finish the process.

Report this User

Report this user for behavior that violates our Community Guidelines.

Details: